The Battle of Principles : (Record no. 247812)
[ view plain ]
| 000 -LEADER | |
|---|---|
| fixed length control field | 01458cam a22002653a 4500 |
| 001 - CONTROL NUMBER | |
| control field | 18557 |
| 003 - CONTROL NUMBER IDENTIFIER | |
| control field | PGUSA |
| 005 - DATE AND TIME OF LATEST TRANSACTION | |
| control field | 20140828083408.0 |
| 008 - FIXED-LENGTH DATA ELEMENTS--GENERAL INFORMATION | |
| fixed length control field | 060611s2006||||xxu|||||s|||||000 | eng d |
| 040 ## - CATALOGING SOURCE | |
| Original cataloging agency | PGUSA |
| Language of cataloging | eng |
| 042 ## - AUTHENTICATION CODE | |
| Authentication code | dc |
| 050 #4 - LIBRARY OF CONGRESS CALL NUMBER | |
| Classification number | E300 |
| 050 #4 - LIBRARY OF CONGRESS CALL NUMBER | |
| Classification number | E456 |
| 100 1# - MAIN ENTRY--PERSONAL NAME | |
| Personal name | Hillis, Newell Dwight, |
| Dates associated with a name | 1858-1929 |
| 245 14 - TITLE STATEMENT | |
| Title | The Battle of Principles : |
| Remainder of title | A Study of the Heroism and Eloquence of the Anti-Slavery Conflict |
| Medium | [electronic resource] / |
| Statement of responsibility, etc | Newell Dwight Hillis |
| 260 ## - PUBLICATION, DISTRIBUTION, ETC. (IMPRINT) | |
| Name of publisher, distributor, etc | Project Gutenberg, |
| Date of publication, distribution, etc | 2006 |
| 505 0# - FORMATTED CONTENTS NOTE | |
| Formatted contents note | Rise of American slavery: growth of the traffic -- Webster and Calhoun: the battle line in array -- Garrison and Phillips: anti-slavery agitation -- Charles Sumner: the appeal to educated men -- Horace Greeley: the appeal to the common people -- Harriet Beecher Stowe; John Brown: the conflict precipitated -- Lincoln and Douglas: influence of the great debate -- Reasons for secession: southern leaders -- Henry Ward Beecher: the appeal to England -- Heroes of battle: American soldiers and sailors -- The life of the people at home who supported the soldiers at the front -- Abraham Lincoln: the martyred President. |
| 506 ## - RESTRICTIONS ON ACCESS NOTE | |
| Terms governing access | Public domain in the USA. |
| 516 ## - TYPE OF COMPUTER FILE OR DATA NOTE | |
| Type of computer file or data note | Electronic text |
| 653 ## - INDEX TERM--UNCONTROLLED | |
| Uncontrolled term | United States -- Politics and government -- 1861-1865 |
| 653 ## - INDEX TERM--UNCONTROLLED | |
| Uncontrolled term | Antislavery movements -- United States |
| 830 #0 - SERIES ADDED ENTRY--UNIFORM TITLE | |
| Uniform title | Project Gutenberg |
| Volume number/sequential designation | 18557 |
| 856 40 - ELECTRONIC LOCATION AND ACCESS | |
| Uniform Resource Identifier | <a href="http://www.gutenberg.org/ebooks/18557">http://www.gutenberg.org/ebooks/18557</a> |
| 942 ## - ADDED ENTRY ELEMENTS (KOHA) | |
| Koha item type | eBooks |
| Withdrawn status | Lost status | Damaged status | Home library | Current library | Date acquired | Total Checkouts | Date last seen | Price effective from | Koha item type |
|---|---|---|---|---|---|---|---|---|---|
| Project Gutenberg | Project Gutenberg | 08/28/2014 | 08/28/2014 | 08/28/2014 | eBooks |